Doctor Who Monsters - Sudden Death - Statistics

General Stats
  • This quiz has been taken 906 times
  • The average score is 12 of 18
Answers on the Grid
Answers color-coded by a green-red scale on the quiz's grid according to % correct below.
Ewoks
Cybermen
Ice Warriors
Marvin the Paranoid Android
Greedo
Axons
Liverpudlians
Kroll
Klingons
Time Lords
Sontarans
Xenomorphs
Slitheen
Decepticons
Graske
Orcs
Weeping Angels
The Borg
Judoon
Spock
The Great Intelligence
Zygons
ALF
Autons
Tardigrades
Vashta Nerada
Samsonites
Daleks
Farage
Axolotls
Groot
Gruffalo
Racnoss
Davros
Zoidberg
Ood
 
Answer Stats
Answer % Correct
Cybermen
98%
Weeping Angels
83%
Daleks
81%
Time Lords
81%
Sontarans
80%
Slitheen
77%
Ood
75%
Davros
74%
Ice Warriors
74%
Zygons
74%
Judoon
73%
Vashta Nerada
67%
The Great Intelligence
66%
Autons
60%
Racnoss
58%
Axons
56%
Graske
35%
Kroll
33%
No matching quizzes found
Score Distribution
Percent of People with Each Score
Percentile by Number Answered
Your Score History
You have not taken this quiz